Načítá se...
Eating Wasps
| Hlavní autor: | |
|---|---|
| Médium: | Printed Book |
| Vydáno: |
Chennai :
Context,
2018
|
| LEADER | 00370nam a22001337a 4500 | ||
|---|---|---|---|
| 260 | |a Chennai : |b Context, |c 2018 | ||
| 999 | |c 271515 |d 271515 | ||
| 020 | |a 9789387578722 | ||
| 082 | |a 8A3 ANI-E | ||
| 100 | |a Anita Nair | ||
| 245 | |a Eating Wasps | ||
| 300 | |a 255p | ||
| 942 | |c BK | ||
| 952 | |0 0 |1 0 |4 0 |6 8A3_ANIE |7 0 |9 288564 |a ENG |b ENG |d 2019-07-30 |l 0 |o 8A3 ANI-E |p ENG15189 |r 2019-07-30 |w 2019-07-30 |y BK | ||